000 00758nam a2200229Ia 4500
003 OSt
005 20220923224102.0
006 a|||||r|||| 00| 0
007 ta
008 220922b |||||||| |||| 00| 0 pan d
024 _a225,349
037 _cTextual
040 _aARTS
_cARTS
_bpan
041 _2pan
_apan
082 _aY:1.236, 153P3
100 _aਸੇਖੋਜ਼, ਸੁਖਦੇਵ ਸਿੰਘ
245 0 _aਗੁੱਜਰ ਕਬੀਲੇ ਦਾ ਲੋਕ-ਸਾਹਿਤ
260 _aਅੰਮ੍ਰਿਤਸਰ
_b ਵਾਸਿ Fਾਹ ਫਾਊਜ਼ਡੇFਨ
_c2003
300 _a124ਪੰ
_ccm.
942 _hY:1.236, 153P3
_cTEXL
_2CC
999 _c369129
_d369129